00454nam a2200145Ia 4500008004100000020001800041041000800059082001800067100001900085245012400104260001600228300002800244365001700272700001900289230718s9999 xx 000 0 und d a9781849510189 aeng a005.13'3bLUK aLukaszewski A. aMySQL For PythonbIntegrate The Flexibility Of Python And Power of MySQL To Boost The Productivity Of Your Applications c2010bPackt a417dRef 1610 C (63152) cRs.b3499.00 aLukaszewski A.